000 00604nam a2200229Ia 4500
003 OSt
005 20220924121759.0
006 a|||||r|||| 00| 0
007 ta
008 220923b |||||||| |||| 00| 0 urd d
024 _a315460
037 _cTextual
040 _aARTS
_cARTS
_burd
041 _2urd
_aurd
082 _aO168,1NJA6x, M5
100 _aAzimbadi Jameel
_9187285
245 0 _aGyan darshan
260 _aKarachi
_bRashid Pakistan
_c1985
650 _aURDU POETRY
942 _hO168,1NJA6x, M5
_cTEXL
_2CC
999 _c409009
_d409009